La otra cara de la didáctica

I tiakina i:
Ngā taipitopito rārangi puna kōrero
Kaituhi matua: Neira García, Domingo (autor)
Hōputu: Pukapuka
Reo:Pāniora
I whakaputaina: Barcelona Octaedro 1994
Rangatū:Nuevos Enfoques de la Enseñanza
Ngā marau:
Ngā Tūtohu: Tāpirihia he Tūtohu
Kāore He Tūtohu, Me noho koe te mea tuatahi ki te tūtohu i tēnei pūkete!

MARC

LEADER 00000nam a2200000 a 4500
001 UCQ1033
003 CL-VaPUC
008 980703e19940000SP |||||||||||||||||spa|d
082 0 4 |a 371.207  |b NEI  |2 21 
100 |a Neira García, Domingo  |e autor  |9 414541 
245 1 3 |a La otra cara de la didáctica 
300 |a 183 p 
942 |c BK 
945 |d 19980703 00:00:00  |a mvenant 
260 |a Barcelona  |b Octaedro  |c 1994 
650 0 |a Planificación de la educación   |9 307333 
650 0 |a Métodos de enseñanza  |9 270413 
650 0 |a Innovaciones pedagógicas  |9 307471 
583 |a last modification  |c 19980703 00:00:00  |k Rodrigo Vera 
490 0 |a Nuevos Enfoques de la Enseñanza 
999 |c 272044  |d 272042 
952 |0 0  |1 0  |4 0  |6 371_207000000000000_NEI_1994  |7 0  |8 A  |9 306874  |a BIBEDU  |b BIBEDU  |d 2019-11-20  |i 3440397  |o 371.207 NEI 1994  |p 3440397  |r 2019-11-20  |w 2019-11-20  |y BK  |k BME